Hot and Bothered: sex and love in the nineties

সংরক্ষণ করুন:
গ্রন্থ-পঞ্জীর বিবরন
প্রধান লেখক: Dennis, Wendy (Author)
বিন্যাস: গ্রন্থ
ভাষা:ইংরেজি
প্রকাশিত: Nueva York Viking 1992
সংস্করন:1a. ed
বিষয়গুলি:
ট্যাগগুলো: ট্যাগ যুক্ত করুন
কোনো ট্যাগ নেই, প্রথমজন হিসাবে ট্যাগ করুন!

MARC

LEADER 00000cam a2200000 a 4500
001 UCF5477
003 CL-VaPUC
008 130318e19920000US |||||||||||||||||eng|d
020 |a 0670845027 
082 0 4 |a C813  |b DEN  |2 21 
100 0 |a Dennis, Wendy  |e author  |9 567441 
245 1 0 |a Hot and Bothered: sex and love in the nineties 
250 |a 1a. ed 
300 |a 276 p 
942 |c BK 
945 |d 20130318 00:00:00  |a cmena 
260 |a Nueva York  |b Viking  |c 1992 
650 0 |a Novelas canadienses  |9 261026 
650 0 |a Literatura canadiense  |9 342826 
650 7 |a LITERATURA EROTICA  |2 CL-VaPUC  |9 315452 
583 |a last modification  |c 20130318 11:20:00  |k Rodrigo Vera 
999 |c 351017  |d 351015 
952 |0 0  |1 0  |4 0  |6 C_813_000000000000000_DEN_1992  |7 0  |8 A  |9 454882  |a BIBEDU  |b BIBEDU  |d 2019-11-22  |i 4949250  |l 4  |m 1  |o C813 DEN 1992  |p 4949250  |r 2023-06-09  |s 2023-05-19  |w 2019-11-22  |y BK  |k LIT